| 000 | 00561nam a22001937a 4500 | ||
|---|---|---|---|
| 003 | OSt | ||
| 005 | 20160822162606.0 | ||
| 008 | 160822b xxu||||| |||| 00| 0 eng d | ||
| 020 | _a0443064784 | ||
| 040 | _cDNLM. | ||
| 082 | _aWG595 F453 2001 | ||
| 100 |
_aField,Micheal;Pollock,carol;Harris,David; _910845 |
||
| 245 |
_aThe Renal system. _bBasic science and Clinical Conditions. |
||
| 260 |
_aLondon. _bChurchill Livingstone. _c2001. |
||
| 300 |
_a166p; _bcol,ill; _c28cm. |
||
| 504 | _aincludes index. | ||
| 650 |
_aBody Systems. _910846 |
||
| 942 |
_2z _cO_SHELF |
||
| 999 |
_c5058 _d5058 |
||